MARC details
| 000 -LEADER |
| fixed length control field |
01949nam a2200445 a 4500 |
| 001 - CONTROL NUMBER |
| control field |
vtls003207977 |
| 003 - CONTROL NUMBER IDENTIFIER |
| control field |
MY-SjTCS |
| 005 - DATE AND TIME OF LATEST TRANSACTION |
| control field |
20200226114325.0 |
| 006 - FIXED-LENGTH DATA ELEMENTS--ADDITIONAL MATERIAL CHARACTERISTICS |
| fixed length control field |
m u |
| 007 - PHYSICAL DESCRIPTION FIXED FIELD--GENERAL INFORMATION |
| fixed length control field |
cr cn||||||||| |
| 008 - FIXED-LENGTH DATA ELEMENTS--GENERAL INFORMATION |
| fixed length control field |
100906s2005 ncu sb s001 0 eng |
| 010 ## - LIBRARY OF CONGRESS CONTROL NUMBER |
| Canceled/invalid LC control number |
2005-010242 |
| 020 ## - INTERNATIONAL STANDARD BOOK NUMBER |
| Canceled/invalid ISBN |
0807829803 (cloth : alk. paper) |
| 020 ## - INTERNATIONAL STANDARD BOOK NUMBER |
| Canceled/invalid ISBN |
0807856479 (pbk. : alk. paper) |
| 035 ## - SYSTEM CONTROL NUMBER |
| System control number |
(CaPaEBR)ebr10273399 |
| 039 #9 - LEVEL OF BIBLIOGRAPHIC CONTROL AND CODING DETAIL [OBSOLETE] |
| -- |
201009061331 |
| -- |
VLOAD |
| 040 ## - CATALOGING SOURCE |
| Original cataloging agency |
CaPaEBR |
| Transcribing agency |
CaPaEBR |
| 043 ## - GEOGRAPHIC AREA CODE |
| Geographic area code |
n-us--- |
| 050 14 - LIBRARY OF CONGRESS CALL NUMBER |
| Classification number |
PS374.N4 |
| Item number |
B94 2005eb |
| 082 04 - DEWEY DECIMAL CLASSIFICATION NUMBER |
| Classification number |
813/.5409358/08996073 |
| Edition number |
22 |
| 100 1# - MAIN ENTRY--PERSONAL NAME |
| Personal name |
Byerman, Keith Eldon, |
| Dates associated with a name |
1948- |
| 245 10 - TITLE STATEMENT |
| Title |
Remembering the past in contemporary African American fiction |
| Medium |
[electronic resource] / |
| Statement of responsibility, etc. |
Keith Byerman. |
| 260 ## - PUBLICATION, DISTRIBUTION, ETC. |
| Place of publication, distribution, etc. |
Chapel Hill : |
| Name of publisher, distributor, etc. |
University of North Carolina Press, |
| Date of publication, distribution, etc. |
c2005. |
| 300 ## - PHYSICAL DESCRIPTION |
| Extent |
viii, 228 p. ; |
| Dimensions |
25 cm. |
| 504 ## - BIBLIOGRAPHY, ETC. NOTE |
| Bibliography, etc. note |
Includes bibliographical references (p. [209]-222) and index. |
| 529 ## - |
| -- |
TSLHHL |
| 533 ## - REPRODUCTION NOTE |
| Type of reproduction |
Electronic reproduction. |
| Place of reproduction |
Palo Alto, Calif. : |
| Agency responsible for reproduction |
ebrary, |
| Date of reproduction |
2009. |
| Note about reproduction |
Available via World Wide Web. |
| -- |
Access may be limited to ebrary affiliated libraries. |
| 650 #0 - SUBJECT ADDED ENTRY--TOPICAL TERM |
| Topical term or geographic name entry element |
American fiction |
| General subdivision |
African American authors |
| -- |
History and criticism. |
| 650 #0 - SUBJECT ADDED ENTRY--TOPICAL TERM |
| Topical term or geographic name entry element |
Literature and history |
| Geographic subdivision |
United States |
| General subdivision |
History |
| Chronological subdivision |
20th century. |
| 650 #0 - SUBJECT ADDED ENTRY--TOPICAL TERM |
| Topical term or geographic name entry element |
American fiction |
| Chronological subdivision |
20th century |
| General subdivision |
History and criticism. |
| 9 (RLIN) |
17814 |
| 650 #0 - SUBJECT ADDED ENTRY--TOPICAL TERM |
| Topical term or geographic name entry element |
African Americans |
| General subdivision |
Intellectual life |
| Chronological subdivision |
20th century. |
| 650 #0 - SUBJECT ADDED ENTRY--TOPICAL TERM |
| Topical term or geographic name entry element |
Historical fiction, American |
| General subdivision |
History and criticism. |
| 650 #0 - SUBJECT ADDED ENTRY--TOPICAL TERM |
| Topical term or geographic name entry element |
Autobiographical memory in literature. |
| 650 #0 - SUBJECT ADDED ENTRY--TOPICAL TERM |
| Topical term or geographic name entry element |
African Americans in literature. |
| 650 #0 - SUBJECT ADDED ENTRY--TOPICAL TERM |
| Topical term or geographic name entry element |
History in literature. |
| 650 #0 - SUBJECT ADDED ENTRY--TOPICAL TERM |
| Topical term or geographic name entry element |
Memory in literature. |
| 9 (RLIN) |
39488 |
| 655 #7 - INDEX TERM--GENRE/FORM |
| Genre/form data or focus term |
Electronic books. |
| Source of term |
local |
| 710 2# - ADDED ENTRY--CORPORATE NAME |
| Corporate name or jurisdiction name as entry element |
ebrary, Inc. |
| 9 (RLIN) |
25628 |
| 856 40 - ELECTRONIC LOCATION AND ACCESS |
| Uniform Resource Identifier |
https://ezproxy.taylors.edu.my/login?url=http://site.ebrary.com/lib/taylorscollege/Doc?id=10273399 |
| Public note |
An electronic book accessible through the World Wide Web; click to view |